[Event "THA-ch Rapid"]
[Site "Bangkok"]
[Date "2023.12.07"]
[Round "10"]
[White "Saeheng, Boonsueb"]
[Black "Wiwarin, Piyapon"]
[Result "1-0"]
[WhiteElo "2126"]
[BlackElo "1665"]
[PlyCount "146"]
[EventDate "2023.12.05"]
[EventType "swiss (rapid)"]
[EventRounds "13"]
[EventCountry "THA"]
[SourceTitle "CB50_2023"]
[SourceDate "2023.12.13"]
[SourceVersion "1"]
[SourceVersionDate "2023.12.13"]
[SourceQuality "1"]

1. c4 Nf6 2. Nf3 g6 3. Nc3 Bg7 4. g3 0-0 5. Bg2 d6 6. d4 Nbd7 7. 0-0 e5 8. b3 Re8 9. e3 c6 10. Nd2 exd4 11. exd4 Qa5 12. Bb2 Qf5 13. Re1 Rxe1+ 14. Qxe1 Nf8 15. Nde4 Nxe4 16. Nxe4 d5 17. cxd5 cxd5 18. Nd6 Qc2 19. Qc1 Qxc1+ 20. Rxc1 Be6 21. Nxb7 Nd7 22. Rc7 Nf6 23. Nc5 a5 24. Rc6 Re8 25. Nxe6 fxe6 26. f3 Bf8 27. Kf2 Kf7 28. Bh3 g5 29. Bc3 Bb4 30. Bxb4 axb4 31. Rb6 g4 32. Bxg4 Nxg4+ 33. fxg4 Ra8 34. Kf3 Rxa2 35. h4 Rd2 36. Rxb4 Kf6 37. g5+ Kf5 38. g4+ Kg6 39. Rb6 Rxd4 40. Rxe6+ Kf7 41. Rb6 Rd1 42. h5 Rf1+ 43. Ke3 Rg1 44. Kf4 d4 45. Rd6 Rb1 46. Rxd4 Rxb3 47. Rd7+ Kg8 48. Re7 Rb1 49. g6 hxg6 50. h6 Rb5 51. Rg7+ Kh8 52. Rxg6 Kh7 53. Re6 Ra5 54. g5 Rb5 55. Kg4 Rb1 56. Re7+ Kg8 57. Kh5 Rb6 58. Ra7 Rb8 59. Ra6 Rc8 60. Kg6 Kh8 61. Re6 Ra8 62. Re7 Rf8 63. Kh5 Ra8 64. g6 Ra5+ 65. Kg4 Ra4+ 66. Kf5 Ra5+ 67. Kf6 Ra8 68. Rd7 Rb8 69. Ke7 Rg8 70. Rd8 Rxd8 71. Kxd8 Kg8 72. Ke7 Kh8 73. Kf6 Kg8 1-0

[Event "THA-ch Rapid"]
[Site "Bangkok"]
[Date "2023.12.06"]
[Round "6"]
[White "Kulpruethanon, Thanadon"]
[Black "Wiwarin, Piyapon"]
[Result "1-0"]
[WhiteElo "2187"]
[BlackElo "1665"]
[PlyCount "63"]
[EventDate "2023.12.05"]
[EventType "swiss (rapid)"]
[EventRounds "13"]
[EventCountry "THA"]
[SourceTitle "CB50_2023"]
[SourceDate "2023.12.13"]
[SourceVersion "1"]
[SourceVersionDate "2023.12.13"]
[SourceQuality "1"]

1. Nf3 Nf6 2. g3 g6 3. b3 Bg7 4. Bb2 0-0 5. Bg2 d5 6. 0-0 Re8 7. c4 c6 8. d4 Bf5 9. e3 Nbd7 10. Qe2 Ne4 11. Rd1 Ndf6 12. Ne5 h5 13. f3 Nd6 14. Nc3 e6 15. e4 dxe4 16. fxe4 Bg4 17. Nxg4 Nxg4 18. h3 Nh6 19. c5 Nc8 20. e5 Qg5 21. Ne4 Qd8 22. Bc1 Nf5 23. Bg5 Qa5 24. g4 hxg4 25. hxg4 Nfe7 26. Nf6+ Kf8 27. Qe3 Nd5 28. Qh3 Qc3 29. Qh7 Bxf6 30. exf6 Nxf6 31. Bxf6 Qe3+ 32. Kh1 1-0

[Event "THA-ch Rapid"]
[Site "Bangkok"]
[Date "2023.12.06"]
[Round "8"]
[White "Wiwarin, Piyapon"]
[Black "Laohawirapap, Prin"]
[Result "0-1"]
[WhiteElo "1665"]
[BlackElo "2332"]
[PlyCount "74"]
[EventDate "2023.12.05"]
[EventType "swiss (rapid)"]
[EventRounds "13"]
[EventCountry "THA"]
[SourceTitle "CB50_2023"]
[SourceDate "2023.12.13"]
[SourceVersion "1"]
[SourceVersionDate "2023.12.13"]
[SourceQuality "1"]

1. d4 Nf6 2. c4 g6 3. Nc3 Bg7 4. e4 d6 5. Nf3 0-0 6. Be2 Nbd7 7. Be3 e5 8. d5 Ng4 9. Bg5 f6 10. Bh4 Nh6 11. Nd2 a5 12. f3 Nf7 13. 0-0 Bh6 14. Bf2 f5 15. b3 b6 16. a3 Nc5 17. Rb1 Bd7 18. b4 axb4 19. axb4 Na4 20. Qc2 Nxc3 21. Qxc3 Bf4 22. Be3 Bxe3+ 23. Qxe3 f4 24. Qc3 g5 25. Ra1 Qe7 26. Rxa8 Rxa8 27. Ra1 Rxa1+ 28. Qxa1 h5 29. Qa7 Qd8 30. Nb3 g4 31. fxg4 hxg4 32. g3 f3 33. Bd3 Qg5 34. Kf2 Qh6 35. Qxc7 Qxh2+ 36. Ke3 Qxg3 37. Qxd7 Qe1+ 0-1

[Event "THA-ch Rapid"]
[Site "Bangkok"]
[Date "2023.12.05"]
[Round "3"]
[White "Wiwarin, Piyapon"]
[Black "Pornariyasombat, Atippat"]
[Result "1/2-1/2"]
[WhiteElo "1665"]
[BlackElo "2001"]
[PlyCount "86"]
[EventDate "2023.12.05"]
[EventType "swiss (rapid)"]
[EventRounds "13"]
[EventCountry "THA"]
[SourceTitle "CB50_2023"]
[SourceDate "2023.12.13"]
[SourceVersion "1"]
[SourceVersionDate "2023.12.13"]
[SourceQuality "1"]

1. d4 g6 2. e4 Bg7 3. Nc3 d6 4. Be3 a6 5. Qd2 Nf6 6. f3 b5 7. g4 Bb7 8. Bd3 Nbd7 9. h4 c5 10. h5 cxd4 11. Bxd4 Nxh5 12. Bxg7 Nxg7 13. Rh6 Qb6 14. Nge2 Ne5 15. Rh3 0-0-0 16. 0-0-0 Ne6 17. Nd5 Bxd5 18. exd5 Nc5 19. Be4 Nxe4 20. fxe4 Kb7 21. g5 Rc8 22. Kb1 Qf2 23. Nd4 Qxd2 24. Rxd2 f6 25. Rdh2 h5 26. gxh6 Ng4 27. Rg2 Rxh6 28. Rxh6 Nxh6 29. Rxg6 Rg8 30. Rxg8 Nxg8 31. c3 Kc7 32. Kc2 Nh6 33. Nc6 e6 34. Nb4 a5 35. Nd3 exd5 36. exd5 Ng4 37. Nf4 f5 38. Kd3 Kb6 39. Kd4 Ne5 40. b3 Nf3+ 41. Ke3 Ne5 42. Kd4 Nf3+ 43. Ke3 Ne5 1/2-1/2

[Event "Bangkok Big Rook op"]
[Site "Bangkok"]
[Date "2023.05.07"]
[Round "7"]
[White "Wiwarin, Piyapon"]
[Black "Chiravanich, Pathee"]
[Result "0-1"]
[WhiteElo "1792"]
[BlackElo "1569"]
[PlyCount "156"]
[EventDate "2023.05.04"]
[EventType "swiss"]
[EventRounds "7"]
[EventCountry "THA"]
[SourceTitle "CBM 214 Extra"]
[Source "ChessBase"]
[SourceDate "2023.07.31"]
[SourceVersion "1"]
[SourceVersionDate "2023.07.31"]
[SourceQuality "1"]

1. d4 d5 2. c4 c6 3. Nc3 Nf6 4. Nf3 e6 5. e3 Bd6 6. g4 Nxg4 7. Rg1 Nxh2 8. Nxh2 Bxh2 9. Rxg7 Qf6 10. Qg4 Bd6 11. Rg8+ Bf8 12. cxd5 Rxg8 13. Qxg8 exd5 14. Qxh7 Bf5 15. Qh5 Nd7 16. Bd2 0-0-0 17. 0-0-0 Bg6 18. Qe2 Qf5 19. Be1 Bb4 20. a3 Bxc3 21. Bxc3 Bh5 22. Qd3 Qxf2 23. Be1 Qf3 24. Rd2 Bg6 25. e4 Qxe4 26. Qxe4 Bxe4 27. Rf2 f5 28. Bh3 Rf8 29. Bb4 Rf7 30. Bd6 Nb6 31. b3 Kd7 32. Bb8 a6 33. Kd2 Ke6 34. Ke3 Nd7 35. Bg3 Rg7 36. Bf4 Nf6 37. Rh2 Rg1 38. Kd2 Ra1 39. a4 Ra2+ 40. Kc3 Ra1 41. Kb4 b6 42. Bc7 a5+ 43. Kc3 b5 44. Bxa5 bxa4 45. bxa4 Rxa4 46. Bb4 Ra1 47. Bc5 Rg1 48. Kb4 Rg6 49. Ra2 Rg3 50. Bf1 f4 51. Ra6 f3 52. Rxc6+ Kf5 53. Bd6 Rg1 54. Bh3+ Ng4 55. Rc8 f2 56. Be5 Kg5 57. Rg8+ Bg6 58. Rf8 Bf5 59. Rg8+ Kh6 60. Rh8+ Kg6 61. Kc5 Ne3 62. Rf8 Rh1 63. Bg3 f1Q 64. Bxf1 Rxf1 65. Re8 Be4 66. Be5 Rc1+ 67. Kd6 Nf5+ 68. Kd7 Rc4 69. Re6+ Kg5 70. Re8 Nxd4 71. Rg8+ Kh4 72. Bf6+ Kh3 73. Kd6 Rc6+ 74. Ke7 Nf5+ 75. Kd7 Rxf6 76. Kc7 d4 77. Rd8 Rc6+ 78. Kb8 Rd6 0-1

[Event "THA-ch 46th"]
[Site "Bangkok"]
[Date "2023.04.15"]
[Round "7"]
[White "Pattanak, Wittawat"]
[Black "Wiwarin, Piyapon"]
[Result "0-1"]
[WhiteElo "1354"]
[BlackElo "1838"]
[PlyCount "70"]
[EventDate "2023.04.12"]
[EventType "swiss"]
[EventRounds "9"]
[EventCountry "THA"]
[SourceTitle "CBM 213 Extra"]
[Source "ChessBase"]
[SourceDate "2023.05.31"]
[SourceVersion "1"]
[SourceVersionDate "2023.05.31"]
[SourceQuality "1"]

1. e4 e6 2. d4 d5 3. e5 c5 4. c3 Nc6 5. Nf3 Bd7 6. Bf4 Rc8 7. Be2 Qb6 8. b3 cxd4 9. cxd4 Bb4+ 10. Nbd2 Nxd4 11. Nxd4 Qxd4 12. Be3 Qxe5 13. 0-0 Qb8 14. Nf3 Bd6 15. Re1 Nf6 16. h3 0-0 17. Bd3 e5 18. Bg5 e4 19. Bxf6 gxf6 20. Bb1 exf3 21. Qd3 Bh2+ 22. Kh1 fxg2+ 23. Kxg2 f5 24. Qf3 Be5 25. Bxf5 Bxf5 26. Qxf5 Bxa1 27. Rxa1 Qd6 28. Qf3 Rfe8 29. Rd1 Rcd8 30. Kh1 Re6 31. h4 Rg6 32. Rd4 Qe5 33. Qc3 Qe2 34. Qc1 Qf3+ 35. Kh2 Qg2# 0-1

[Event "THA-ch 46th"]
[Site "Bangkok"]
[Date "2023.04.14"]
[Round "6"]
[White "Wiwarin, Piyapon"]
[Black "Kaenratana, Punyathon"]
[Result "0-1"]
[WhiteElo "1838"]
[BlackElo "1426"]
[PlyCount "152"]
[EventDate "2023.04.12"]
[EventType "swiss"]
[EventRounds "9"]
[EventCountry "THA"]
[SourceTitle "CBM 213 Extra"]
[Source "ChessBase"]
[SourceDate "2023.05.31"]
[SourceVersion "1"]
[SourceVersionDate "2023.05.31"]
[SourceQuality "1"]

1. d4 e6 2. e4 d5 3. Nd2 c5 4. exd5 exd5 5. Ngf3 Nc6 6. Bb5 a6 7. Bxc6+ bxc6 8. 0-0 Nf6 9. Re1+ Be7 10. dxc5 0-0 11. b4 Bf5 12. Nd4 Bd7 13. Bb2 Re8 14. Re3 Ng4 15. Rg3 f5 16. h3 Bh4 17. hxg4 Bxg3 18. fxg3 fxg4 19. Qf1 Qb8 20. a3 Qxg3 21. Qf2 Qe5 22. Nf1 Rf8 23. Qe1 Qg5 24. Qg3 Rae8 25. Re1 Qf6 26. Ne3 h5 27. Rf1 Qg5 28. Rxf8+ Rxf8 29. Ne2 Re8 30. Bd4 Re4 31. c3 h4 32. Qf2 Kh7 33. g3 hxg3 34. Qxg3 Be8 35. Kf2 Bd7 36. Ke1 Qh6 37. Kd2 Qh1 38. Qc7 Re7 39. Qa7 Qa1 40. Qxa6 Qb2+ 41. Kd1 Qb1+ 42. Nc1 Qg6 43. Qd3 Re4 44. Kd2 g3 45. Ne2 g2 46. Ng1 Qg3 47. Nc2 Qf4+ 48. Be3 Qf1 49. Nd4 Bg4 50. Nde2 Qa1 51. c4 Qb2+ 52. Kd1 Qa1+ 53. Bc1 Kg8 54. Qg3 Qd4+ 55. Kc2 Bxe2 56. Qxg2 Bd3+ 57. Kd1 Bf1+ 58. Qd2 Qxg1 59. Qc3 Bxc4+ 60. Kc2 Qf2+ 61. Bd2 Re2 62. a4 Qf5+ 63. Kb2 g5 64. b5 cxb5 65. a5 Qe5 66. Qxe5 Rxe5 67. a6 Re6 68. a7 Ra6 69. Bxg5 Rxa7 70. Kc3 Rc7 71. Kd4 Kf7 72. Bf4 Rc6 73. Bd6 Ke6 74. Bf8 b4 75. Ke3 Kf7 76. Bd6 Rxd6 0-1